Zdaňovanie príjmov z podnikania a inej samostatnej zárobkovej činnosti bakalárska práca

Na minha lista:
Detalhes bibliográficos
Autor principal: Rjapošová, Katarína
Autor Corporativo: Národohospodárska fakulta EU. Katedra financií
Outros Autores: Kitová, Denisa, 1983-
Formato: Livro
Idioma:eslovaco
Publicado em: Bratislava 2010
Tags: Adicionar Tag
Sem tags, seja o primeiro a adicionar uma tag!

MARC

LEADER 00000nam$a2200000$$$4500
001 0136480
005 20240320074646.2
041 0 |a slo 
044 |a SK 
245 1 0 |a Zdaňovanie príjmov z podnikania a inej samostatnej zárobkovej činnosti  |b bakalárska práca  |c Katarína Rjapošová ; školiteľ: Denisa Kitová 
264 1 |a Bratislava  |c 2010 
300 |a 52 s. 
100 1 |a Rjapošová, Katarína 
700 1 |a Kitová, Denisa, 1983- 
710 2 |a Národohospodárska fakulta EU. Katedra financií